Algal biotechnology
Guardat en:
| Autor principal: | |
|---|---|
| Format: | Llibre |
| Idioma: | anglès |
| Publicat: |
London, United Kingdom
Elsevier
1988
|
| Matèries: | |
| Etiquetes: |
Afegir etiqueta
Sense etiquetes, Sigues el primer a etiquetar aquest registre!
|
MARC
| LEADER | 00000nam a2200000 a 4500 | ||
|---|---|---|---|
| 001 | UCW0592 | ||
| 003 | CL-VaPUC | ||
| 005 | 20230629101346.0 | ||
| 008 | 930729e19880000uk 1 eng d | ||
| 999 | |c 382055 |d 382053 | ||
| 040 | |c Pontificia Universidad Católica de Valparaíso | ||
| 082 | 0 | 4 | |a 639 STA 1988 |2 21 |
| 100 | 1 | |a Stadler, T. Thierry |9 616664 | |
| 245 | 1 | 0 | |a Algal biotechnology |
| 260 | |a London, United Kingdom |b Elsevier |c 1988 | ||
| 300 | |a 521 páginas | ||
| 518 | |p International Meeting of the Société pour l'Algologie Appliquée, 4, Villeneuve d'Ascq, 15-17 September 1987 | ||
| 546 | |a En Inglés | ||
| 583 | |k Rodrigo Vera |c 20200601 | ||
| 650 | 0 | 0 | |a Algas (algae) |9 261246 |
| 650 | 0 | 0 | |a Biotecnología |9 259561 |
| 650 | 0 | 0 | |a Congresos |9 257560 |
| 942 | |c BK |2 ddc | ||
| 945 | |d 19930729 00:00:00 | ||
| 952 | |0 0 |1 0 |2 ddc |4 0 |6 639_000000000000000_STA_1988 |7 0 |8 A |9 503544 |a BIBCUR |b BIBCUR |d 2020-01-23 |i 2676478 |o 639 STA 1988 |p 2676478 |r 2025-04-22 |t 1 |w 2020-01-23 |y BK |k BIO | ||